La magia del horno de microondas /
שמור ב:
| מחבר ראשי: | |
|---|---|
| פורמט: | ספר |
| שפה: | ספרדית |
| יצא לאור: |
Guadalajara, México :
Amanecer,
1987, c1987
|
| תגים: |
אין תגיות, היה/י הראשונ/ה לתייג את הרשומה!
|
MARC
| LEADER | 00000nam^a2200000^a^4500 | ||
|---|---|---|---|
| 001 | 000587226 | ||
| 005 | 20250521000000.0 | ||
| 009 | 20260310132806.87 | ||
| 020 | |a 968-6481-00-1 | ||
| 037 | |a Acervo ITESO - Biblioteca | ||
| 041 | |a ESP | ||
| 091 | |a FCR. 00099 | ||
| 100 | |a González de Barrilado, Lilia |e (autor) | ||
| 245 | 1 | 3 | |a La magia del horno de microondas / |
| 264 | 4 | |a Guadalajara, México : |b Amanecer, |c 1987, c1987 | |
| 300 | |a 125 p. | ||
| 336 | |a texto |b txt |2 rdacontenido | ||
| 337 | |a sin mediación |b n |2 rdamedio | ||
| 338 | |a volumen |b nc |2 rdasoporte | ||
| 649 | |a XX | ||
| 910 | |a Fondo Cristina Romo Gil | ||
| 920 | |a Impresos - Libros | ||
| 930 | |a Fondos Especiales | ||
| 905 | |a 143 | ||
| 901 | |a 0900116123 |b IT2 |c ESP |i D123093 |u 20250521 | ||
| 902 | |a https://opac.biblio.iteso.mx/vufind/Record/000587226 | ||